Obra galega completa / (Record no. 186434)

MARC details
000 -LEADER
campo de control de longitud fija 00893nam a2200277 i 4500
001 - NÚMERO DE CONTROL
campo de control 186434
003 - IDENTIFICADOR DE NÚMERO DE CONTROL
campo de control SpMaBN
005 - FECHA Y HORA DE LA ÚLTIMA TRANSACCIÓN
campo de control 20231227153121.0
008 - DATOS DE LONGITUD FIJA--INFORMACIÓN GENERAL
campo de control de longitud fija 161114s1980 sp |||| |dglg
020 ## - NÚMERO INTERNACIONAL ESTÁNDAR DEL LIBRO
Número Internacional Estándar del Libro 84-7339-311-2
080 ## - NÚMERO DE LA CLASIFICACIÓN DECIMAL UNIVERSAL
Número de la Clasificación Decimal Universal 821.134.2-14"18"
100 1# - ENTRADA PRINCIPAL--NOMBRE DE PERSONA
Nombre de persona Castro, Rosalía de,
Fechas asociadas al nombre 1837-1885
9 (RLIN) 147676
245 10 - MENCIÓN DEL TÍTULO
Título Obra galega completa /
Mención de responsabilidad, etc. Rosalía de Castro ; notas de X. Alonso Montero.
250 ## - MENCION DE EDICION
Mención de edición 4ª ed.
260 ## - PUBLICACIÓN, DISTRIBUCIÓN, ETC.
Lugar de publicación, distribución, etc. Madrid :
Nombre del editor, distribuidor, etc. Akal,
Fecha de publicación, distribución, etc. 1980.
300 ## - DESCRIPCIÓN FÍSICA
Extensión XXV, 341 p. ;
Dimensiones 18 cm.
490 1# - MENCIÓN DE SERIE
Mención de serie Arealonga ;
Designación de volumen o secuencia 5
500 ## - NOTA GENERAL
Nota general Cronología.
504 ## - NOTA DE BIBLIOGRAFÍA, ETC.
Nota de bibliografía, etc. Bibliografia: p. XXI-XXV.
505 8# - NOTA DE CONTENIDO CON FORMATO
Nota de contenido con formato Contiene: ;
Título Cantares gallegos ;
-- Follas novas ;
-- Poemas soltos ;
-- Traducciós ;
-- Conto
546 ## - NOTA DE IDIOMA
Nota de lengua/lenguaje Texto gallego.
700 1# - ENTRADA AGREGADA--NOMBRE PERSONAL
Nombre de persona Alonso Montero, Xesús.
9 (RLIN) 20364
830 0# - PUNTO DE ACCESO ADICIONAL DE SERIE-TÍTULO UNIFORME
Título uniforme Arealonga ;
Designación de volumen o secuencia 5
9 (RLIN) 183473
852 ## - LOCALIZACIÓN
Ubicación ES-MaACL
Número de control de estantería L-30794
Holdings
Estatus retirado Estado de pérdida Estado de daño No para préstamo Biblioteca de origen Biblioteca actual Ubicación en estantería Fecha de adquisición Fuente de adquisición Total de préstamos Signatura topográfica completa Código de barras Visto por última vez Precio de reemplazo Tipo de ítem Koha
        Biblioteca del Ateneo de Madrid Biblioteca del Ateneo de Madrid Depósito 2 14/11/2016     L-30794 1196599 23/02/2023 23/02/2023 Libro impreso